Organizational behavior (Record no. 3579)

MARC details
005 - DATE AND TIME OF LATEST TRANSACTION
control field 20250610085537.0
020 ## - INTERNATIONAL STANDARD BOOK NUMBER
International Standard Book Number 978-0-07-340495-0
082 ## - DEWEY DECIMAL CLASSIFICATION NUMBER
Classification number LECT 658.4 LUT
100 ## - MAIN ENTRY--PERSONAL NAME
Author name LUTHANS, F.
245 ## - TITLE STATEMENT
Title Organizational behavior
250 ## - EDITION STATEMENT
Edition statement 11th Ed.
260 ## - PUBLICATION, DISTRIBUTION, ETC.
Place of publication, distribution, etc. Boston,
Name of publisher, distributor, etc. McGraw-Hill,
Date of publication, distribution, etc. 2008.
300 ## - PHYSICAL DESCRIPTION
Extent xvi, 592.: ill.; chart, figure, graph, table.
Other physical details Index,
Dimensions 26cm.
856 ## - ELECTRONIC LOCATION AND ACCESS
Link text Access online book
Electronic name Organizational behavior
Path www.mhhe.com
942 ## - ADDED ENTRY ELEMENTS (KOHA)
Source of classification or shelving scheme Dewey Decimal Classification
Koha item type Books
Holdings
Date last seen Total checkouts Full call number Barcode Cost, replacement price Price effective from Koha item type Lost status Source of classification or shelving scheme Damaged status Not for loan Withdrawn status Home library Current library Shelving location Date acquired Cost, normal purchase price
06/25/2025   658.4 LUT DOM0001693 135000.00 06/25/2025 Books   Dewey Decimal Classification       CBE Dodoma CBE Dodoma General Collection 12/20/2010 45000.00
06/25/2025   658.4 LUT DOM0001698   06/25/2025 Books   Dewey Decimal Classification       CBE Dodoma CBE Dodoma General Collection 12/20/2010 45000.00
06/10/2025   LECT 658.4 LUT 00000012450 150000.00 06/10/2025 Books   Dewey Decimal Classification       College of Business Education Main Library College of Business Education Main Library General Collection 05/26/2011 50000.00
06/10/2025   LECT 658.4 LUT 00000012451 150000.00 06/10/2025 Books   Dewey Decimal Classification       College of Business Education Main Library College of Business Education Main Library General Collection 05/26/2011 50000.00
06/10/2025   LECT 658.4 LUT 00000012452 150000.00 06/10/2025 Books   Dewey Decimal Classification       College of Business Education Main Library College of Business Education Main Library General Collection 05/26/2011 50000.00
06/10/2025   LECT 658.4 LUT 00000012453 150000.00 06/10/2025 Books   Dewey Decimal Classification       College of Business Education Main Library College of Business Education Main Library General Collection 05/26/2011 50000.00
06/10/2025   LECT 658.4 LUT 00000012454 150000.00 06/10/2025 Books   Dewey Decimal Classification       College of Business Education Main Library College of Business Education Main Library General Collection 05/26/2011 50000.00